000 01256cam a22003737a 4500
003 CHAP
005 20220817043547.0
008 990624d1996 it ab rn 00110 spa d
010 _a78461
011 _a79433
020 _a9253038152
035 _a89661
040 _cCHAP
082 0 4 _a641.1
_bF3Y
110 2 _aFAO
245 1 0 _aNecesidades humanas de energía :
_bmanual para planificadores y nutricionistas
_c/por W. P. T. James y E. C. Schofield
260 _aRoma :
_bFAO,
_c1996.
300 _a141 p. :
_bilus. ; gráfs. ; cuadros
590 _aBATCH-UPD
_b10
_c20130110
_lUCH01
_h0306
590 _aBATCH-UPD
_b10
_c20130110
_lUCH01
_h1756
590 _aBATCH-UPD
_b10
_c20130409
_lUCH01
_h2338
590 _aBATCH-UPD
_b10
_c20130914
_lUCH01
_h1306
590 _aCONVERSION
_b10
_c20130109
_lUCH01
_h1343
650 1 4 _aEnergía metabólica.
_936906
650 1 4 _aModelos matemáticos.
_976419
650 1 4 _aNutrición.
_982246
700 0 _aJames, W. P.T.
_961025
700 0 _aSchofield, E. C.
_9103124
901 _aBK
905 _aLilia Sánchez G.
942 _cLIBRO
949 _a641.1 F3Y
_bBC
_cFAO
_d33724000731584
_eFAO1
_h95895
_i89661
_kDonaciØn
_sb
949 _a641.1 F3Y
_bBC
_cFAO
_d33724000739165
_eFAO2
_fc.2
_h96379
_i89661
_kDonacion
_sb
999 _c78461
_d78461